000 00654nam a2200181 4500
008 171110b xxu||||| |||| 00| 0 eng d
020 _a0-7216-4211-X
082 _21993
_aDC 617.9178
_bSm6
100 _923246
_aSmith, Mary F.
245 _aBasic surgical instrumentation /
_cMary F. Smith, Joette L. Stehn
260 _aPhiladelphia :
_bW.B. Saunders,
_c[1993].
300 _ax, 245 pages :
_bchiefly illustrations ;
_c28 cm.
500 _aIncludes bibliographical references (page 8) and index
650 0 _923247
_aSurgical instruments and apparatus
650 0 _923248
_aSurgical Instruments
700 _923249
_aStehn, Joette L
942 _2ddc
_cDC
999 _c7724
_d7724